| 000 | 00363 a2200133 4500 | ||
|---|---|---|---|
| 001 | 90332 | ||
| 082 | _a297.217 GHA | ||
| 090 |
_c42652 _d42652 |
||
| 100 | _aGhazi Uzair Mubarak Poori | ||
| 245 |
_aJado Ki Haqiqat _bJinoo Aur Shaitano ki dunya _hUrdu |
||
| 260 |
_aIslamabad _bDarus Salam Publications _c2013 |
||
| 300 | _a395p. | ||
| 500 | _aGeneral Collection | ||
| 942 |
_aCAE NUST _k297.217 GHA |
||
| 999 |
_c325405 _d325405 |
||